Encyclopaedia of higher education in the 21st century: (Record no. 153765)

MARC details
000 -LEADER
fixed length control field 00803nam a22002057a 4500
005 - DATE AND TIME OF LATEST TRANSACTION
control field 20180712111338.0
010 ## - LCCN (DPL NO)
LC control number B-121613
020 ## - INTERNATIONAL STANDARD BOOK NUMBER
International Standard Book Number 8176295841 (v.1)
035 ## - SYSTEM CONTROL NUMBER
System control number B-121613, B-121612
037 ## - SOURCE OF ACQUISITION
Source of stock number/acquisition Deep & Deep Publications Pvt. Ltd.
082 ## - DEWEY DECIMAL CLASSIFICATION NUMBER
Classification number 378.003
100 ## - MAIN ENTRY--PERSONAL NAME
Personal name Goel, Aruna
245 ## - TITLE STATEMENT
Title Encyclopaedia of higher education in the 21st century:
Remainder of title organizations, administration and functions
Statement of responsibility, etc Aruna Goel [and] S.L. Goel
260 ## - PUBLICATION, DISTRIBUTION, ETC. (IMPRINT)
Place of publication, distribution, etc New Delhi
Name of publisher, distributor, etc Deep & Deep Publications Pvt. Ltd.
Date of publication, distribution, etc 2005
270 ## - ADDRESS
Address F-159, Rajouri Garden, New Delhi-110027
City New Delhi
Postal code 110027
300 ## - PHYSICAL DESCRIPTION
Extent 522p.
Dimensions 25cm(hb)
700 ## - ADDED ENTRY--PERSONAL NAME
Personal name Goel, S. L.
942 ## - ADDED ENTRY ELEMENTS (KOHA)
Source of classification or shelving scheme Dewey Decimal Classification
Item type English Books
Classification part 378.003
Call number suffix GOY
Holdings
Withdrawn status Lost status Not for loan Collection code Home library Current library Date acquired Full call number Barcode Koha item type Source of acquisition Cost, normal purchase price Cost, replacement price
      Non-fiction Patel Nagar Patel Nagar 12/07/2018 378.003 GOY B-121612 English Books BPPD/PUB 0.00 0.00
      Non-fiction Sarojini Nagar Sarojini Nagar 10/07/2018 378.003 GOY B-121613 English Books      

© Delhi Public Library
Hit Counter
free hit counter